000 00637nam a2200217Ia 4500
003 GCL
008 140319s9999 xx 000 0 ara d
040 _aGCL /
_cGCL
082 0 4 _a811.09
_bف ص
100 1 _aفوزى عطوى
245 1 0 _aالشعر العربى المعاصر صالح جودت الشاعر والانسان /
_cفوزى عطوى
260 _a[S.N] :
_bدار الفكر اللبنانى ،
_c1987
300 _a613 ص
490 _a
650 0 4 _aالادب
650 0 4 _aالادباء
650 0 4 _aالشعراء
650 0 4 _aتراجم ادبية
650 0 4 _aصالح جودت
942 _2ddc
_cBK
999 _c41791
_d41791